00460nam a22001217a 4500003000200000005001700002008004100019050002300060245015000083260007200233300001000305500002300315020230315085949.0230315b xxu||||| |||| 00| 0 eng d aPN 4784b.V35 2020 aTravel advisories: perceptions on the impact to the safety and security of the Philippines as a tourist destinationcJose Rommel T. Valderama Jr. aLas Pinas CitybSouthville International School and CollegescC2020 c28cm. aTravel advisories.